00807nam a22002177a 450000500170000001000140001702000260003102000230005703500130008003700130009308200110010610000270011724501420014426000430028627000510032930000210038070000100040194200250041199900170043695201360045320100812114028.0 aENG-99869 a9788170640790c250.00 a8170640792c250.00 aEN-83401 bDBAD/PUB a364.25 aShobha Vijender911862 aDrug abuse and crime: cby Shobha Vijenderba study of drug abuse between criminals and non-criminals in the metropolitan city of Delhi / aNew DelhibArya Publishing Housec2008 bNew Delha1569/30 Naiwala, Karol Bagh,e110005 a204p.c22cm (Hb) 911825 2ddccENh364.25mSHO c41395d41395 001040718NFICaDBADbDBADd2010-08-12eDBAD/PUBg250.00l0o364.25 SHOpEN-83401r2010-08-12 00:00:00t1v250.00w2010-08-12yEN